000 00750nam a22002537a 4500
003 SEM
999 _c72174
_d72174
005 20220608074944.0
008 220201s1998 uk ||||gr|||||00| 0 eng|d
020 _a041506449X
040 _aSEM
_cSEM
041 _aeng
080 _a802/809.1/I-58
245 _aThe Indo-European languages /
_cEdt. A. G. Ramat, P. Ramat
260 _aLondon :
_aNew York :
_bRoutledge,
_c1998.
300 _aXXI+526 p. ;
_bmap; tables;
_c24 cm
490 _aRoutledge language family descriptions
504 _aIndex p.: 502-526
650 _aThe Indo-European languages
653 _aՍԷՄ
700 _aRamat Anna Giacalone
_eedt.
700 _aRamat Paolo
_eedt.
830 _aRoutledge language family descriptions
942 _2udc
_cBK